Automatizacion de la planta de tratamiento de aguas residuales en Panasonic de Costa Rica,S.A
Guardat en:
| Autor principal: | |
|---|---|
| Format: | Thesis Llibre |
| Idioma: | Undetermined |
| Publicat: |
1999
|
| Matèries: | |
| Etiquetes: |
Afegir etiqueta
Sense etiquetes, Sigues el primer a etiquetar aquest registre!
|
MARC
| LEADER | 00000nam a2200000Ia 4500 | ||
|---|---|---|---|
| 001 | 10104 | ||
| 008 | 140114s9999 xx 000 0 und d | ||
| 100 | |a Cabezas Alvarez, Jose | ||
| 245 | |a Automatizacion de la planta de tratamiento de aguas residuales en Panasonic de Costa Rica,S.A | ||
| 260 | |c 1999 | ||
| 500 | |a NULL | ||
| 502 | |a Escuela de ingenieria Electrica | ||
| 650 | |z PLANTA DE TRATAMIENTO DE AGUAS RESIDUALES | ||
| 999 | |c 12508 |d 12508 | ||
